000 00638nam a2200241Ia 4500
003 OSt
005 20221005073755.0
006 a|||||r|||| 00| 0
007 ta
008 221004b |||||||| |||| 00| 0 eng d
024 _a46217
037 _cTextual
040 _aCRL
_cCRL
_beng
041 _2eng
_aeng
082 _aQ:45.212, M6
100 _aPillai V R Parameswaran
_9303004
245 0 _aTemple culture of South India
260 _aNew Delhi
_bInter-India
_c1986
300 _a201p
_ccm.
650 _aRELIGION
942 _hQ:45.212, M6
_cTEXL
_2cc
999 _c981656
_d981656